MARC details
| 000 -LEADER |
| fixed length control field |
02392nam a22003737a 4500 |
| 001 - CONTROL NUMBER |
| control field |
103606 |
| 003 - CONTROL NUMBER IDENTIFIER |
| control field |
KnowledgeUnlatched |
| 005 - DATE AND TIME OF LATEST TRANSACTION |
| control field |
20210303105038.0 |
| 006 - FIXED-LENGTH DATA ELEMENTS--ADDITIONAL MATERIAL CHARACTERISTICS |
| fixed length control field |
m o d |
| 007 - PHYSICAL DESCRIPTION FIXED FIELD--GENERAL INFORMATION |
| fixed length control field |
cr u|||||||||| |
| 008 - FIXED-LENGTH DATA ELEMENTS--GENERAL INFORMATION |
| fixed length control field |
210129p20182019gw o u00| u ger d |
| 037 ## - SOURCE OF ACQUISITION |
| Institution to which field applies |
BiblioBoard |
| 020 ## - INTERNATIONAL STANDARD BOOK NUMBER |
| International Standard Book Number |
9783737008594 |
| 029 1# - OTHER SYSTEM CONTROL NUMBER (OCLC) |
| OCLC library identifier |
https://library.biblioboard.com/ext/api/media/ff611617-dcdb-4776-989f-69b10479acb1/assets/thumbnail.jpg |
| 040 ## - CATALOGING SOURCE |
| Original cataloging agency |
ScCtBLL |
| Transcribing agency |
ScCtBLL |
| 245 00 - TITLE STATEMENT |
| Title |
Soldgeschäfte, Klientelismus, Korruption in der Frühen Neuzeit |
| Remainder of title |
Zum Soldunternehmertum der Familie Zurlauben im schweizerischen und europäischen Kontext / |
| Statement of responsibility, etc. |
André Holenstein, Kaspar von Greyerz, Andreas Würgler. |
| 264 #1 - PRODUCTION, PUBLICATION, DISTRIBUTION, MANUFACTURE, AND COPYRIGHT NOTICE |
| Name of producer, publisher, distributor, manufacturer |
Vandenhoeck & Ruprecht, |
| 300 ## - PHYSICAL DESCRIPTION |
| Extent |
1 online resource (297 p.) |
| 506 0# - RESTRICTIONS ON ACCESS NOTE |
| Terms governing access |
Access copy available to the general public. |
| Standardized terminology for access restriction |
Unrestricted |
| Source of term |
star |
| 520 ## - SUMMARY, ETC. |
| Summary, etc. |
"Soldgeschäfte waren eine grundlegende Komponente schweizerischer und europäischer Geschichte der Frühen Neuzeit. Sie förderten einerseits den Klientelismus und provozierten andererseits Korruptionskritik. Die Autoren und Autorinnen untersuchen vor diesem Hintergrund die wirtschaftlichen und politischen Aktivitäten der 1799 ausgestorbenen Zuger Familie Zurlauben. Gleichzeitig veranschaulichen einzelne Beiträge zu Klientelismus, Patronage und Korruptionskritik und zu den länderübergreifenden Gewaltmärkten des 17. und 18. Jahrhunderts die europäischen Aspekte der Thematik in ihren unterschiedlichen ökonomischen, politischen und sozialen Dimensionen. Der vorliegende Band erscheint im Zusammenhang mit dem Abschluss der Edition der Acta Helvetica der Familie Zurlauben." |
| 588 0# - SOURCE OF DESCRIPTION NOTE |
| Source of description note |
Description based on print version record. |
| 590 ## - LOCAL NOTE (RLIN) |
| Local note |
KU Open Services |
| 650 #7 - SUBJECT ADDED ENTRY--TOPICAL TERM |
| Topical term or geographic name entry element |
History / Modern |
| Source of heading or term |
bisacsh |
| 650 #0 - SUBJECT ADDED ENTRY--TOPICAL TERM |
| Topical term or geographic name entry element |
History |
| 655 #0 - INDEX TERM--GENRE/FORM |
| Genre/form data or focus term |
Electronic books. |
| 700 1# - ADDED ENTRY--PERSONAL NAME |
| Personal name |
Holenstein, André |
| Relator term |
editor. |
| 700 1# - ADDED ENTRY--PERSONAL NAME |
| Personal name |
von Greyerz, Kaspar |
| Relator term |
editor. |
| 700 1# - ADDED ENTRY--PERSONAL NAME |
| Personal name |
Würgler, Andreas |
| Relator term |
editor. |
| 758 ## - |
| -- |
Is found in: |
| -- |
Knowledge Unlatched |
| -- |
https://openresearchlibrary.org/module/2774bc74-146a-484f-a7ba-ab1d6a09bbfb |
| 856 40 - ELECTRONIC LOCATION AND ACCESS |
| Uniform Resource Identifier |
<a href="https://openresearchlibrary.org/content/ff611617-dcdb-4776-989f-69b10479acb1">https://openresearchlibrary.org/content/ff611617-dcdb-4776-989f-69b10479acb1</a> |
| Public note |
View this content on Open Research Library. |
| -- |
0 |